| 000 | 00370nam a22001337a 4500 | ||
|---|---|---|---|
| 020 | _a0-02-330011-6 | ||
| 082 | _a629.83 DOY'F | ||
| 100 |
_aDOYLE, JOHN C ,FRANCIS, B., ATANNENBAUM, A. R _961723 |
||
| 245 | _aFEEDBACK CONTROL THEORY | ||
| 260 |
_aNEWYORK' _bMACMILLAM _c1992 |
||
| 300 | _a227P | ||
| 650 |
_aFEEDBACK CONTROL SYSTEM CONTROL THEORY _961724 |
||
| 942 | _cBK | ||
| 999 |
_c571077 _d571077 |
||